00765cam a2200253 i 450000100060000000300080000600500170001400800410003102000150007203500190008704000230010604100080012908200250013710000260016224500740018826000540026230000330031649000190034950400370036865000170040565000310042270000390045383000190049270255BD-RjUL20211209081959.0770714s1977 waua b 001 0 eng  a0295955538 a(BD-RjUL)70469 aDLCcDLCdDLCbeng aeng00a571.45223bSTM 19771 aStewart, John Cedric.12aA manual of radiobiology /cby John C. Stewart and David M. Hawcroft. aSeattle :bUniversity of Washington Press,c1977. axi, 202 p. :bill. ;c23 cm.0 aBiology series aIncludes bibliography and index. 0aRadiobiology 0aRadiobiologyxExperiments.1 aHawcroft, David M.,ejoint author. aBiology series